| 000 | 00824nam a2200181 i 4500 | ||
|---|---|---|---|
| 001 | 52004 | ||
| 003 | ES-MaACL | ||
| 005 | 20250603172509.0 | ||
| 007 | t| | ||
| 008 | 201027s1885 sp ||||1| spa d | ||
| 110 | 0 |
_aFomento de la Producción Española. _94135 |
|
| 245 | 1 | 0 | _aExposición-memoria que eleva a las Cortes el Fomento de la Producción Española con motivo de las autorizaciones pedidas por el gobierno español para ajustar un "modus vivendi comercial", un arreglo subsidiario y un tratado definitivo con Inglaterra. |
| 260 |
_aBarcelona : _b[s.n.], _c1885 ( _fEstablecimiento Tipográfico de los Sucesores de N. Ramírez y Compañía) |
||
| 300 |
_a111 p. ; _c24 cm. |
||
| 651 | 7 |
_aEspaña- _xComercio exterior- _zGran Bretaña _2 _9172049 |
|
| 852 |
_aES-MaACL _jT-442-F-2 |
||
| 999 |
_c52004 _d52004 |
||